[Event "WCO 2016"]
[Site "?"]
[Date "2016.09.13"]
[Round "11"]
[Board "12"]
[WhiteID "865834"]
[White "Moroni Luca Jr"]
[BlackID "4126025"]
[Black "Grischuk Alexander"]
[Result "0-1"]
[BlackElo "2754"]
[WhiteElo "2459"]
[LiveChessVersion "1.4.8"]

1. d4 {[%clk 1:30:57]} Nf6 {[%clk 1:30:42]} 2. c4 {[%clk 1:31:21]} g6
{[%clk 1:30:56]} 3. Nc3 {[%clk 1:31:46]} d5 {[%clk 1:28:17]} 4. Bg5
{[%clk 1:32:11]} Ne4 {[%clk 1:24:50]} 5. Bh4 {[%clk 1:32:37]} Nxc3
{[%clk 1:24:01]} 6. bxc3 {[%clk 1:33:05]} dxc4 {[%clk 1:24:22]} 7. e3
{[%clk 1:33:26]} Be6 {[%clk 1:24:33]} 8. Nf3 {[%clk 1:33:39]} Bg7
{[%clk 1:22:12]} 9. Be2 {[%clk 1:34:02]} Nd7 {[%clk 1:20:02]} 10. O-O
{[%clk 1:26:14]} Nb6 {[%clk 1:15:10]} 11. a4 {[%clk 1:21:55]} a5 {[%clk 1:14:56]}
12. Qc2 {[%clk 1:21:45]} O-O {[%clk 1:14:44]} 13. Bg3 {[%clk 1:13:54]} Rc8
{[%clk 0:54:37]} 14. Rfb1 {[%clk 1:06:23]} c5 {[%clk 0:43:43]} 15. Qb2
{[%clk 0:34:13]} Nd5 {[%clk 0:37:55]} 16. Ne5 {[%clk 0:31:21]} cxd4
{[%clk 0:35:48]} 17. exd4 {[%clk 0:30:54]} f5 {[%clk 0:15:37]} 18. Qd2
{[%clk 0:21:27]} f4 {[%clk 0:12:07]} 19. Bh4 {[%clk 0:21:52]} Bxe5
{[%clk 0:08:33]} 20. dxe5 {[%clk 0:22:20]} h6 {[%clk 0:04:31]} 21. f3
{[%clk 0:18:59]} Qc7 {[%clk 0:04:57]} 22. Qd4 {[%clk 0:17:52]} Ne3
{[%clk 0:03:29]} 23. Bf2 {[%clk 0:09:57]} Nc2 {[%clk 0:02:50]} 24. Qe4
{[%clk 0:10:26]} Bf5 {[%clk 0:03:14]} 25. Qxf4 {[%clk 0:10:54]} Nxa1
{[%clk 0:02:39]} 26. Rxa1 {[%clk 0:11:23]} Kh7 {[%clk 0:02:49]} 27. Bd4
{[%clk 0:08:44]} Qc6 {[%clk 0:02:48]} 28. h4 {[%clk 0:07:29]} Bd3
{[%clk 0:02:45]} 29. Qe3 {[%clk 0:07:54]} Bf5 {[%clk 0:02:19]} 30. g4
{[%clk 0:07:09]} Bd3 {[%clk 0:02:16]} 31. Bxd3 {[%clk 0:06:31]} cxd3
{[%clk 0:02:20]} 32. Kg2 {[%clk 0:07:00]} h5 {[%clk 0:00:50]} 33. gxh5
{[%clk 0:06:51]} Rf5 {[%clk 0:01:08]} 34. Qxd3 {[%clk 0:05:33]} Rg8
{[%clk 0:01:09]} 35. Rf1 {[%clk 0:02:42]} gxh5+ {[%clk 0:01:05]} 36. Kh2
{[%clk 0:03:01]} e6 {[%clk 0:00:48]} 37. Qc2 {[%clk 0:02:20]} Rg6
{[%clk 0:01:07]} 38. f4 {[%clk 0:02:07]} Rg4 {[%clk 0:01:11]} 39. Qf2
{[%clk 0:01:17]} Rfxf4 {[%clk 0:01:10]} 40. Qc2+ {[%clk 0:31:32]} Kg7
{[%clk 0:31:28]} 0-1

[Event "WCO 2016"]
[Site "?"]
[Date "2016.09.13"]
[Round "11"]
[Board "14"]
[WhiteID "13401653"]
[White "Mamedov Rauf"]
[BlackID "14001128"]
[Black "Atabayev Yusup"]
[Result "1/2-1/2"]
[BlackElo "2453"]
[WhiteElo "2666"]
[LiveChessVersion "1.4.8"]

1. e4 {[%clk 1:30:53]} c5 {[%clk 1:30:55]} 2. Nf3 {[%clk 1:31:18]} d6
{[%clk 1:31:22]} 3. Bb5+ {[%clk 1:31:44]} Nd7 {[%clk 1:31:47]} 4. O-O
{[%clk 1:32:10]} a6 {[%clk 1:31:29]} 5. Bd3 {[%clk 1:32:37]} Ngf6
{[%clk 1:30:29]} 6. Re1 {[%clk 1:32:34]} Ne5 {[%clk 1:29:18]} 7. Nxe5
{[%clk 1:25:24]} dxe5 {[%clk 1:29:37]} 8. a4 {[%clk 1:25:39]} g6 {[%clk 1:28:04]}
9. Bf1 {[%clk 1:24:00]} Bg7 {[%clk 1:28:09]} 10. d3 {[%clk 1:24:23]} O-O
{[%clk 1:28:04]} 11. Be3 {[%clk 1:19:31]} Qc7 {[%clk 1:28:20]} 12. h3
{[%clk 1:19:38]} Be6 {[%clk 1:28:01]} 13. c4 {[%clk 1:17:20]} Nd7
{[%clk 1:23:57]} 14. a5 {[%clk 0:58:48]} f5 {[%clk 1:15:40]} 15. f3
{[%clk 0:53:20]} f4 {[%clk 1:11:37]} 16. Bf2 {[%clk 0:52:25]} Bf7
{[%clk 1:09:45]} 17. Nc3 {[%clk 0:47:15]} Rfe8 {[%clk 1:09:34]} 18. Nd5
{[%clk 0:37:15]} Qd6 {[%clk 1:07:59]} 19. Qb3 {[%clk 0:37:04]} e6
{[%clk 1:08:09]} 20. Nb6 {[%clk 0:27:51]} Nxb6 {[%clk 1:05:58]} 21. axb6
{[%clk 0:28:00]} Rac8 {[%clk 1:04:33]} 22. Ra5 {[%clk 0:26:05]} Bf8
{[%clk 1:02:56]} 23. Rea1 {[%clk 0:24:37]} Rc6 {[%clk 1:01:24]} 24. Qa3
{[%clk 0:24:39]} Rec8 {[%clk 0:59:41]} 25. b4 {[%clk 0:24:57]} cxb4
{[%clk 0:58:55]} 26. Qb2 {[%clk 0:25:06]} Qb8 {[%clk 0:59:13]} 27. R1a4
{[%clk 0:21:44]} Be8 {[%clk 0:57:05]} 28. Rxb4 {[%clk 0:22:01]} Bc5
{[%clk 0:57:23]} 29. Rb3 {[%clk 0:18:28]} Qd6 {[%clk 0:54:04]} 30. Kh1
{[%clk 0:16:15]} Bxf2 1/2-1/2

[Event "WCO 2016"]
[Site "?"]
[Date "2016.09.13"]
[Round "11"]
[Board "15"]
[WhiteID "14000571"]
[White "Atabayev Saparmyrat"]
[BlackID "4650891"]
[Black "Naiditsch Arkadij"]
[Result "0-1"]
[BlackElo "2696"]
[WhiteElo "2406"]
[LiveChessVersion "1.4.8"]

1. e4 {[%clk 1:30:59]} c5 {[%clk 1:30:50]} 2. Nf3 {[%clk 1:31:24]} Nc6
{[%clk 1:31:13]} 3. d4 {[%clk 1:31:49]} cxd4 {[%clk 1:31:36]} 4. Nxd4
{[%clk 1:32:15]} Qb6 {[%clk 1:31:57]} 5. Nb3 {[%clk 1:32:37]} Nf6
{[%clk 1:32:07]} 6. Nc3 {[%clk 1:32:54]} e6 {[%clk 1:32:28]} 7. Be3
{[%clk 1:33:04]} Qc7 {[%clk 1:32:09]} 8. Qe2 {[%clk 1:32:21]} Bb4
{[%clk 1:24:27]} 9. Bd2 {[%clk 1:32:37]} O-O {[%clk 1:24:11]} 10. a3
{[%clk 1:32:03]} Bxc3 {[%clk 1:22:03]} 11. Bxc3 {[%clk 1:31:58]} e5
{[%clk 1:22:13]} 12. Qf3 {[%clk 1:18:38]} d5 {[%clk 0:56:52]} 13. exd5
{[%clk 1:17:35]} Nd4 {[%clk 0:56:56]} 14. Bxd4 {[%clk 0:56:47]} exd4
{[%clk 0:54:24]} 15. Qd1 {[%clk 0:55:06]} Re8+ {[%clk 0:44:00]} 16. Be2
{[%clk 0:55:15]} Bg4 {[%clk 0:43:41]} 17. f3 {[%clk 0:52:16]} Nxd5
{[%clk 0:43:34]} 18. Nxd4 {[%clk 0:46:35]} Rad8 {[%clk 0:38:53]} 19. O-O
{[%clk 0:37:55]} Ne3 {[%clk 0:38:29]} 20. Qd2 {[%clk 0:38:17]} Bh3 21. gxh3
{[%clk 0:35:53]} Qe5 {[%clk 0:19:32]} 22. Rf2 {[%clk 0:35:04]} Rxd4
{[%clk 0:15:55]} 23. Bd3 {[%clk 0:35:12]} f5 {[%clk 0:12:46]} 24. Qc3
{[%clk 0:31:02]} Kf8 {[%clk 0:11:46]} 25. Re1 {[%clk 0:29:15]} f4
{[%clk 0:11:50]} 26. Kh1 {[%clk 0:29:16]} g6 {[%clk 0:11:53]} 27. Rd2
{[%clk 0:26:24]} Red8 {[%clk 0:08:26]} 28. Be4 {[%clk 0:23:54]} Kg7
{[%clk 0:08:24]} 29. Ree2 {[%clk 0:19:38]} Kh6 {[%clk 0:05:00]} 30. Re1
{[%clk 0:19:09]} Nd1 {[%clk 0:03:35]} 31. Rxd4 {[%clk 0:16:22]} Rxd4
{[%clk 0:03:52]} 32. Bxb7 {[%clk 0:13:58]} Qd6 {[%clk 0:02:08]} 33. Qc6
{[%clk 0:12:25]} Qd8 {[%clk 0:01:34]} 34. Qe6 {[%clk 0:07:50]} Rd2
{[%clk 0:01:35]} 35. Re2 {[%clk 0:06:30]} Ne3 {[%clk 0:00:46]} 36. Rxe3
{[%clk 0:06:33]} fxe3 {[%clk 0:00:38]} 37. Qxe3+ {[%clk 0:06:37]} Qg5
{[%clk 0:00:41]} 38. Qxg5+ {[%clk 0:06:46]} Kxg5 {[%clk 0:01:09]} 39. Be4
{[%clk 0:07:10]} Kh4 {[%clk 0:01:16]} 40. Kg1 {[%clk 0:34:39]} Kxh3
{[%clk 0:31:31]} 41. b3 {[%clk 0:31:29]} Rxh2 {[%clk 0:31:33]} 42. b4
{[%clk 0:31:39]} Kg3 {[%clk 0:31:34]} 43. a4 {[%clk 0:31:26]} Rd2
{[%clk 0:27:01]} 44. Kf1 {[%clk 0:31:55]} Rd4 {[%clk 0:26:56]} 45. c3
{[%clk 0:32:13]} Rc4 {[%clk 0:27:18]} 0-1

[Event "WCO 2016"]
[Site "?"]
[Date "2016.09.13"]
[Round "11"]
[Board "16"]
[WhiteID "13402129"]
[White "Safarli Eltaj"]
[BlackID "14000091"]
[Black "Odeev Handszar"]
[Result "1-0"]
[BlackElo "2401"]
[WhiteElo "2688"]
[LiveChessVersion "1.4.8"]

1. e4 d5 {[%clk 1:30:43]} 2. exd5 {[%clk 1:31:18]} Qxd5 {[%clk 1:31:05]} 3. Nc3
{[%clk 1:31:45]} Qd6 {[%clk 1:31:23]} 4. d4 {[%clk 1:31:08]} c6 {[%clk 1:25:51]}
5. Bc4 {[%clk 1:28:55]} Nf6 {[%clk 1:25:37]} 6. Nge2 {[%clk 1:29:19]} Bf5
{[%clk 1:21:19]} 7. Bf4 {[%clk 1:27:49]} Qd8 {[%clk 1:21:40]} 8. Ng3
{[%clk 1:24:09]} Bg6 {[%clk 1:22:01]} 9. h4 {[%clk 1:24:15]} h6 {[%clk 1:19:26]}
10. h5 {[%clk 1:24:40]} Bh7 {[%clk 1:19:51]} 11. d5 {[%clk 1:18:52]} cxd5
{[%clk 1:19:39]} 12. Nxd5 {[%clk 1:18:52]} Nxd5 {[%clk 1:19:56]} 13. Bxd5
{[%clk 1:18:44]} Nc6 {[%clk 1:19:30]} 14. O-O {[%clk 1:16:28]} e6
{[%clk 1:16:16]} 15. Bxc6+ {[%clk 1:14:38]} bxc6 {[%clk 1:16:43]} 16. Qg4
{[%clk 1:14:40]} Qf6 {[%clk 1:09:11]} 17. Rae1 {[%clk 0:57:57]} Be7
{[%clk 1:07:07]} 18. Ne4 {[%clk 0:57:36]} Bxe4 {[%clk 0:45:38]} 19. Rxe4
{[%clk 0:58:02]} O-O {[%clk 0:46:00]} 20. Qg3 {[%clk 0:51:26]} Qh4
{[%clk 0:35:31]} 21. Qxh4 {[%clk 0:49:46]} Bxh4 {[%clk 0:35:58]} 22. Rc4
{[%clk 0:48:07]} Bf6 {[%clk 0:33:52]} 23. b3 {[%clk 0:47:11]} Rfc8
{[%clk 0:28:27]} 24. Rd1 {[%clk 0:47:01]} e5 {[%clk 0:17:35]} 25. Be3
{[%clk 0:45:53]} Rc7 {[%clk 0:17:08]} 26. Rc5 {[%clk 0:42:40]} Rac8
{[%clk 0:14:23]} 27. Ra5 {[%clk 0:42:08]} Ra8 {[%clk 0:11:25]} 28. Rd3
{[%clk 0:40:13]} Kf8 {[%clk 0:04:14]} 29. Rc3 {[%clk 0:36:41]} Ke7
{[%clk 0:02:33]} 30. Rc4 {[%clk 0:35:58]} Ke6 {[%clk 0:00:34]} 31. Rca4
{[%clk 0:33:51]} Be7 {[%clk 0:00:40]} 32. Rxa7 {[%clk 0:27:15]} Rcxa7
{[%clk 0:00:49]} 33. Rxa7 {[%clk 0:27:39]} Rd8 {[%clk 0:00:33]} 34. Kf1
{[%clk 0:27:19]} Rd1+ {[%clk 0:00:33]} 35. Ke2 {[%clk 0:27:47]} Rg1
{[%clk 0:00:33]} 36. g3 {[%clk 0:27:30]} f5 {[%clk 0:00:41]} 37. a4
{[%clk 0:26:47]} Ra1 {[%clk 0:00:54]} 38. Kd2 {[%clk 0:23:13]} Ra2
{[%clk 0:00:31]} 39. Rb7 {[%clk 0:21:47]} Bf8 {[%clk 0:00:37]} 40. f4
{[%clk 0:49:34]} exf4 {[%clk 0:30:34]} 41. gxf4 {[%clk 0:42:44]} Be7
{[%clk 0:27:04]} 42. Bd4 {[%clk 0:40:35]} Bd6 {[%clk 0:24:11]} 43. Kc1
{[%clk 0:39:22]} 1-0

[Event "WCO 2016"]
[Site "?"]
[Date "2016.09.13"]
[Round "11"]
[Board "17"]
[WhiteID "5007003"]
[White "Harikrishna P."]
[BlackID "1503014"]
[Black "Carlsen Magnus"]
[Result "1/2-1/2"]
[BlackElo "2857"]
[WhiteElo "2752"]
[LiveChessVersion "1.4.8"]

1. e4 {[%clk 1:30:57]} e5 {[%clk 1:30:51]} 2. Nf3 {[%clk 1:31:21]} Nc6
{[%clk 1:31:15]} 3. Bc4 {[%clk 1:31:00]} Bc5 {[%clk 1:31:14]} 4. O-O
{[%clk 1:31:22]} d6 {[%clk 1:31:10]} 5. c3 {[%clk 1:31:16]} Nf6 {[%clk 1:31:37]}
6. d3 {[%clk 1:30:51]} h6 {[%clk 1:31:25]} 7. Re1 {[%clk 1:30:17]} O-O
{[%clk 1:28:32]} 8. h3 {[%clk 1:28:10]} a6 {[%clk 1:21:59]} 9. Bb3
{[%clk 1:27:33]} b5 {[%clk 1:08:51]} 10. Nbd2 {[%clk 1:18:51]} Bb6
{[%clk 1:06:57]} 11. Nf1 {[%clk 1:18:58]} Ne7 {[%clk 1:06:42]} 12. a4
{[%clk 1:12:56]} Rb8 {[%clk 0:59:04]} 13. d4 {[%clk 1:05:52]} Ng6
{[%clk 0:56:08]} 14. Be3 {[%clk 0:59:34]} exd4 {[%clk 0:50:15]} 15. Bxd4
{[%clk 0:57:12]} c5 {[%clk 0:32:52]} 16. Bxf6 {[%clk 0:57:28]} Qxf6
{[%clk 0:33:20]} 17. axb5 {[%clk 0:57:03]} axb5 {[%clk 0:26:47]} 18. Ne3
{[%clk 0:54:28]} Qd8 {[%clk 0:27:10]} 19. Nd5 {[%clk 0:53:20]} Bb7
{[%clk 0:27:03]} 20. Nxb6 {[%clk 0:47:10]} Qxb6 {[%clk 0:27:30]} 21. Bd5
{[%clk 0:47:25]} Rfe8 {[%clk 0:27:09]} 22. Bxb7 {[%clk 0:42:07]} Rxb7
{[%clk 0:27:33]} 23. Qd2 {[%clk 0:39:38]} Rbe7 {[%clk 0:27:44]} 24. Rad1
{[%clk 0:40:01]} Re6 {[%clk 0:27:03]} 25. Re3 {[%clk 0:36:37]} Qc6
{[%clk 0:24:18]} 26. Qd5 {[%clk 0:30:29]} Qxd5 {[%clk 0:24:40]} 27. Rxd5
{[%clk 0:30:53]} f6 {[%clk 0:23:43]} 28. Rd1 {[%clk 0:26:19]} Ra8
{[%clk 0:23:59]} 29. b4 {[%clk 0:25:35]} Rae8 {[%clk 0:16:57]} 30. Rde1
{[%clk 0:21:49]} Kf7 {[%clk 0:14:11]} 31. g3 {[%clk 0:18:24]} Ne7
{[%clk 0:10:21]} 32. Rb1 {[%clk 0:17:12]} f5 {[%clk 0:09:16]} 33. e5
{[%clk 0:13:24]} cxb4 {[%clk 0:08:59]} 34. exd6 {[%clk 0:13:21]} Rxe3
{[%clk 0:08:42]} 35. fxe3 {[%clk 0:13:43]} Nc6 {[%clk 0:07:25]} 36. d7
{[%clk 0:10:34]} Rxe3 {[%clk 0:07:27]} 37. Nd4 {[%clk 0:06:20]} Nd8
{[%clk 0:07:50]} 38. Kf2 {[%clk 0:05:19]} Rxc3 {[%clk 0:08:08]} 39. Rxb4
{[%clk 0:05:34]} Rc5 {[%clk 0:07:51]} 40. Rxb5 {[%clk 0:35:02]} Rxb5
{[%clk 0:38:05]} 41. Nxb5 {[%clk 0:35:22]} Ke7 {[%clk 0:38:16]} 42. Nd4
{[%clk 0:35:11]} g6 {[%clk 0:38:35]} 43. h4 {[%clk 0:31:24]} h5 {[%clk 0:38:55]}
44. Kf3 {[%clk 0:31:42]} Kxd7 {[%clk 0:39:20]} 45. Kf4 {[%clk 0:31:49]} Ne6+
{[%clk 0:39:43]} 46. Nxe6 {[%clk 0:32:11]} Kxe6 {[%clk 0:40:07]} 47. Kf3
{[%clk 0:32:22]} Ke5 1/2-1/2

[Event "WCO 2016"]
[Site "?"]
[Date "2016.09.13"]
[Round "11"]
[Board "18"]
[WhiteID "1503707"]
[White "Hammer Jon Ludvig"]
[BlackID "5018471"]
[Black "Adhiban B."]
[Result "1/2-1/2"]
[BlackElo "2671"]
[WhiteElo "2651"]
[LiveChessVersion "1.4.8"]

1. Nf3 {[%clk 1:30:58]} d5 {[%clk 1:30:51]} 2. d4 {[%clk 1:31:21]} Nf6
{[%clk 1:30:53]} 3. c4 {[%clk 1:31:44]} e6 {[%clk 1:31:18]} 4. Nc3
{[%clk 1:32:06]} c6 {[%clk 1:31:44]} 5. e3 {[%clk 1:32:06]} Nbd7 {[%clk 1:32:07]}
6. Qc2 {[%clk 1:32:29]} Bd6 {[%clk 1:32:30]} 7. b3 {[%clk 1:31:56]} O-O
{[%clk 1:32:48]} 8. Be2 {[%clk 1:32:20]} b6 {[%clk 1:32:37]} 9. O-O
{[%clk 1:32:40]} Bb7 {[%clk 1:33:05]} 10. Bb2 {[%clk 1:29:04]} Rc8
{[%clk 1:33:28]} 11. Rad1 {[%clk 1:29:10]} c5 {[%clk 1:33:26]} 12. dxc5
{[%clk 0:47:35]} Nxc5 {[%clk 1:33:53]} 13. cxd5 {[%clk 0:35:07]} Nxd5
{[%clk 1:34:15]} 14. Bc4 {[%clk 0:33:18]} Nb4 {[%clk 1:32:52]} 15. Qe2
{[%clk 0:33:38]} Qe7 {[%clk 1:33:04]} 16. a3 {[%clk 0:33:32]} Nc6
{[%clk 1:33:26]} 17. b4 {[%clk 0:33:58]} Nd7 {[%clk 1:33:50]} 18. Ne4
{[%clk 0:32:04]} Bb8 {[%clk 1:34:10]} 19. Ba6 {[%clk 0:32:10]} Bxa6
{[%clk 1:34:28]} 20. Qxa6 {[%clk 0:32:35]} Nde5 {[%clk 1:34:13]} 21. Rc1
{[%clk 0:28:31]} Nxf3+ {[%clk 1:29:23]} 22. gxf3 {[%clk 0:29:00]} f5
{[%clk 1:28:46]} 23. Ng3 {[%clk 0:29:24]} f4 {[%clk 1:28:55]} 24. exf4
{[%clk 0:29:26]} Qf7 {[%clk 1:15:22]} 25. Qb5 {[%clk 0:26:16]} Ne7
{[%clk 1:11:04]} 26. Rxc8 {[%clk 0:26:37]} Rxc8 {[%clk 0:47:52]} 27. Qd7
{[%clk 0:27:03]} Rc2 {[%clk 0:47:53]} 28. Re1 {[%clk 0:23:26]} Ng6
{[%clk 0:36:32]} 29. Qxe6 {[%clk 0:23:45]} Qxe6 {[%clk 0:33:55]} 30. Rxe6
{[%clk 0:24:13]} Rxb2 {[%clk 0:32:52]} 31. Re8+ {[%clk 0:24:36]} Kf7
{[%clk 0:33:19]} 32. Rxb8 {[%clk 0:24:51]} Rb1+ {[%clk 0:31:04]} 33. Nf1
{[%clk 0:25:12]} Nxf4 {[%clk 0:30:18]} 34. Rb7+ {[%clk 0:25:37]} Kf6
{[%clk 0:29:32]} 35. Rxa7 {[%clk 0:26:00]} h5 {[%clk 0:27:18]} 36. h4
{[%clk 0:23:24]} g5 {[%clk 0:23:17]} 37. hxg5+ {[%clk 0:19:42]} Kxg5
{[%clk 0:23:44]} 38. Rg7+ {[%clk 0:20:03]} Kh4 {[%clk 0:20:05]} 39. a4
{[%clk 0:18:35]} Ne2+ {[%clk 0:17:00]} 40. Kg2 {[%clk 0:49:00]} Nf4+
{[%clk 0:47:26]} 41. Kg1 {[%clk 0:49:22]} Ne2+ {[%clk 0:35:56]} 42. Kg2
{[%clk 0:45:00]} Nf4+ {[%clk 0:36:25]} 43. Kg1 {[%clk 0:42:51]} Ne2+ 1/2-1/2

[Event "WCO 2016"]
[Site "?"]
[Date "2016.09.13"]
[Round "11"]
[Board "19"]
[WhiteID "5029465"]
[White "Vidit Santosh Gujrathi"]
[BlackID "1510045"]
[Black "Tari Aryan"]
[Result "1-0"]
[BlackElo "2570"]
[WhiteElo "2669"]
[LiveChessVersion "1.4.8"]

1. d4 {[%clk 1:30:54]} Nf6 {[%clk 1:30:46]} 2. c4 {[%clk 1:31:09]} g6
{[%clk 1:31:09]} 3. f3 {[%clk 1:31:24]} d5 {[%clk 1:31:23]} 4. cxd5
{[%clk 1:31:46]} Nxd5 {[%clk 1:31:49]} 5. e4 {[%clk 1:32:09]} Nb6
{[%clk 1:32:16]} 6. Nc3 {[%clk 1:32:22]} Bg7 {[%clk 1:32:39]} 7. Be3
{[%clk 1:32:45]} O-O {[%clk 1:32:54]} 8. Qd2 {[%clk 1:33:04]} Nc6
{[%clk 1:33:08]} 9. O-O-O {[%clk 1:33:25]} Qd6 {[%clk 1:33:21]} 10. Kb1
{[%clk 1:33:23]} Rd8 {[%clk 1:33:17]} 11. Nb5 {[%clk 1:33:42]} Qd7
{[%clk 1:33:43]} 12. d5 {[%clk 1:34:04]} a6 {[%clk 1:33:06]} 13. Nc3
{[%clk 1:34:24]} Qe8 {[%clk 1:33:26]} 14. Qc1 {[%clk 1:34:45]} Na5
{[%clk 1:33:50]} 15. h4 {[%clk 1:34:42]} e6 {[%clk 1:33:57]} 16. Bf4
{[%clk 1:34:57]} Qe7 {[%clk 1:32:06]} 17. Bg5 {[%clk 1:35:20]} f6
{[%clk 1:31:25]} 18. Bd2 {[%clk 1:35:43]} Nac4 {[%clk 1:03:45]} 19. Bxc4
{[%clk 1:35:58]} Nxc4 {[%clk 1:04:05]} 20. Nge2 {[%clk 1:35:16]} c6
{[%clk 0:51:45]} 21. dxc6 {[%clk 1:31:12]} bxc6 {[%clk 0:44:31]} 22. h5
{[%clk 1:20:43]} e5 {[%clk 0:34:08]} 23. hxg6 {[%clk 1:17:44]} hxg6
{[%clk 0:33:46]} 24. Bh6 {[%clk 1:16:29]} Bh8 {[%clk 0:27:17]} 25. Rxd8+
{[%clk 1:05:29]} Qxd8 {[%clk 0:27:46]} 26. b3 {[%clk 1:05:26]} Rb8
{[%clk 0:25:46]} 27. Na4 {[%clk 0:52:14]} Be6 {[%clk 0:13:42]} 28. Ka1
{[%clk 0:47:47]} Nb6 {[%clk 0:08:56]} 29. Rd1 {[%clk 0:37:11]} Qe8
{[%clk 0:09:22]} 30. Nc5 {[%clk 0:36:47]} a5 {[%clk 0:09:10]} 31. Nxe6
{[%clk 0:32:52]} Qxe6 {[%clk 0:09:39]} 32. Be3 {[%clk 0:31:43]} Bg7
{[%clk 0:08:13]} 33. Qd2 {[%clk 0:28:48]} c5 {[%clk 0:08:03]} 34. Bxc5
{[%clk 0:28:08]} a4 {[%clk 0:08:18]} 35. Qd6 {[%clk 0:26:24]} Qxd6
{[%clk 0:03:59]} 36. Rxd6 {[%clk 0:26:41]} Na8 {[%clk 0:03:55]} 37. bxa4
{[%clk 0:25:51]} Bf8 {[%clk 0:04:06]} 38. Rc6 {[%clk 0:26:15]} Bxc5
{[%clk 0:04:26]} 39. Rxc5 {[%clk 0:26:43]} Kf7 {[%clk 0:03:50]} 40. Nc3
{[%clk 0:56:40]} Nb6 {[%clk 0:30:33]} 41. a5 {[%clk 0:53:24]} Nd7
{[%clk 0:30:32]} 42. Rc7 {[%clk 0:53:05]} Ke7 {[%clk 0:30:37]} 43. Rc6
{[%clk 0:52:33]} Ra8 {[%clk 0:26:04]} 44. Nd5+ {[%clk 0:52:57]} Kd8
{[%clk 0:25:46]} 45. a6 {[%clk 0:53:09]} 1-0

[Event "WCO 2016"]
[Site "?"]
[Date "2016.09.13"]
[Round "11"]
[Board "20"]
[WhiteID "1506102"]
[White "Urkedal Frode"]
[BlackID "5021596"]
[Black "Sethuraman S.P."]
[Result "1-0"]
[BlackElo "2640"]
[WhiteElo "2537"]
[LiveChessVersion "1.4.8"]

1. d4 {[%clk 1:30:56]} d5 {[%clk 1:30:37]} 2. c4 {[%clk 1:31:19]} e6
{[%clk 1:31:01]} 3. Nc3 {[%clk 1:31:34]} c6 {[%clk 1:31:26]} 4. e3
{[%clk 1:28:31]} Nd7 {[%clk 1:31:00]} 5. Nf3 {[%clk 1:28:00]} Ngf6
{[%clk 1:31:19]} 6. Qc2 {[%clk 1:27:54]} Bd6 {[%clk 1:31:43]} 7. b3
{[%clk 1:27:34]} O-O {[%clk 1:31:35]} 8. Bb2 {[%clk 1:27:33]} e5 {[%clk 1:31:22]}
9. cxd5 {[%clk 1:20:12]} cxd5 {[%clk 1:31:26]} 10. dxe5 {[%clk 1:19:07]} Nxe5
{[%clk 1:31:49]} 11. Nxe5 {[%clk 1:16:50]} Bxe5 {[%clk 1:32:12]} 12. Be2
{[%clk 1:15:57]} Be6 {[%clk 1:26:41]} 13. f4 {[%clk 1:06:47]} Bc7
{[%clk 1:17:49]} 14. O-O {[%clk 0:54:33]} Bb6 {[%clk 1:16:15]} 15. Qd3
{[%clk 0:54:47]} Re8 {[%clk 1:13:34]} 16. Na4 {[%clk 0:52:02]} Bxe3+
{[%clk 1:08:42]} 17. Qxe3 {[%clk 0:52:19]} Bg4 {[%clk 1:04:03]} 18. Be5
{[%clk 0:52:37]} d4 {[%clk 1:03:03]} 19. Qd3 {[%clk 0:52:04]} Bxe2
{[%clk 0:58:57]} 20. Qxe2 {[%clk 0:52:25]} Nd5 {[%clk 0:58:38]} 21. Qg4
{[%clk 0:50:19]} f6 {[%clk 0:54:08]} 22. Bxd4 {[%clk 0:50:43]} b5
{[%clk 0:51:22]} 23. Nc3 {[%clk 0:48:31]} Ne3 {[%clk 0:44:07]} 24. Bxe3
{[%clk 0:48:47]} Rxe3 {[%clk 0:44:32]} 25. Rad1 {[%clk 0:48:59]} 1-0

[Event "WCO 2016"]
[Site "?"]
[Date "2016.09.13"]
[Round "11"]
[Board "22"]
[WhiteID "410608"]
[White "Howell David W L"]
[BlackID "3802272"]
[Black "Cori Jorge"]
[Result "0-1"]
[BlackElo "2609"]
[WhiteElo "2665"]
[LiveChessVersion "1.4.8"]

1. e4 {[%clk 1:30:41]} c5 {[%clk 1:30:54]} 2. c3 {[%clk 1:30:51]} Nf6
{[%clk 1:29:11]} 3. e5 {[%clk 1:31:05]} Nd5 {[%clk 1:29:38]} 4. Nf3
{[%clk 1:31:22]} Nc6 {[%clk 1:29:05]} 5. Bc4 {[%clk 1:30:53]} e6 {[%clk 1:29:05]}
6. O-O {[%clk 1:27:13]} d6 {[%clk 1:17:20]} 7. d4 {[%clk 1:25:05]} dxe5
{[%clk 1:02:46]} 8. dxe5 {[%clk 1:19:33]} Be7 {[%clk 0:55:33]} 9. Qe2
{[%clk 1:16:41]} a6 {[%clk 0:55:33]} 10. a4 {[%clk 0:57:48]} b6 {[%clk 0:35:37]}
11. Qe4 {[%clk 0:49:32]} Bb7 {[%clk 0:19:25]} 12. Qg4 {[%clk 0:47:59]} Rg8
{[%clk 0:11:22]} 13. Re1 {[%clk 0:28:38]} Qd7 {[%clk 0:08:06]} 14. Nbd2
{[%clk 0:11:54]} O-O-O {[%clk 0:07:31]} 15. Nf1 {[%clk 0:12:02]} h6
{[%clk 0:04:15]} 16. Ng3 {[%clk 0:12:16]} Kb8 {[%clk 0:04:36]} 17. Ba2
{[%clk 0:09:25]} Ka8 {[%clk 0:04:42]} 18. Bd2 {[%clk 0:09:10]} g5
{[%clk 0:02:11]} 19. h3 {[%clk 0:05:21]} Qc7 {[%clk 0:01:37]} 20. Rac1
{[%clk 0:04:14]} Qd7 {[%clk 0:00:41]} 21. Rcd1 {[%clk 0:04:12]} Qc7
{[%clk 0:00:37]} 22. Rc1 {[%clk 0:04:30]} Nf4 {[%clk 0:00:38]} 23. Bxf4
{[%clk 0:03:14]} gxf4 {[%clk 0:01:06]} 24. Qxf4 {[%clk 0:03:37]} Bg5
{[%clk 0:01:34]} 25. Nxg5 {[%clk 0:03:36]} hxg5 {[%clk 0:01:59]} 26. Qe3
{[%clk 0:03:32]} g4 {[%clk 0:02:21]} 27. h4 {[%clk 0:02:45]} Ne7 {[%clk 0:02:38]}
28. Qf4 {[%clk 0:00:33]} f5 {[%clk 0:01:42]} 29. Nf1 {[%clk 0:00:32]} Ng6
{[%clk 0:00:54]} 30. Qh2 {[%clk 0:00:40]} Qc6 {[%clk 0:00:39]} 31. g3
{[%clk 0:00:31]} Rh8 {[%clk 0:00:44]} 32. f4 {[%clk 0:00:33]} Nxh4
{[%clk 0:00:38]} 33. gxh4 {[%clk 0:00:34]} Rxh4 {[%clk 0:00:44]} 34. Qg3
{[%clk 0:01:01]} Rh3 {[%clk 0:00:59]} 35. Re3 {[%clk 0:01:18]} Rxg3+
{[%clk 0:00:59]} 36. Rxg3 {[%clk 0:01:45]} Rd2 {[%clk 0:01:12]} 37. Nxd2
{[%clk 0:01:52]} Qh1+ {[%clk 0:01:38]} 38. Kf2 {[%clk 0:02:19]} Qh2+
{[%clk 0:02:00]} 39. Ke1 {[%clk 0:01:41]} Qxg3+ {[%clk 0:02:24]} 40. Kd1
{[%clk 0:32:01]} Qxf4 {[%clk 0:32:19]} 0-1